Inclusive education across culture: (Record no. 27496)

MARC details
000 -LEADER
fixed length control field 02550nam a22003738a 4500
005 - DATE AND TIME OF LATEST TRANSACTION
control field 20090616122438.0
008 - FIXED-LENGTH DATA ELEMENTS--GENERAL INFORMATION
fixed length control field 090417s2009 ii 000 0 eng
010 ## - LCCN (DPL NO)
LC control number ENG-94023
020 ## - INTERNATIONAL STANDARD BOOK NUMBER
International Standard Book Number 9788178299037
Terms of availability 795.00
035 ## - SYSTEM CONTROL NUMBER
System control number EN-77556
035 ## - SYSTEM CONTROL NUMBER
System control number B-361378-384
037 ## - SOURCE OF ACQUISITION
Source of stock number/acquisition DBAD / PUB
037 ## - SOURCE OF ACQUISITION
Source of stock number/acquisition Aakar Books
040 ## - CATALOGING SOURCE
Original cataloging agency dpl
Language of cataloging English
082 ## - DEWEY DECIMAL CLASSIFICATION NUMBER
Classification number 371.9046
245 ## - TITLE STATEMENT
Title Inclusive education across culture:
Statement of responsibility, etc edited by Mithu Alur [and] Vianne Timmons
Remainder of title crossing boundaries, sharing ideas /
260 ## - PUBLICATION, DISTRIBUTION, ETC. (IMPRINT)
Place of publication, distribution, etc New Delhi
Name of publisher, distributor, etc SAGE Publications
Date of publication, distribution, etc 2009
270 ## - ADDRESS
Address B1/I-1 Mohan Cooperative Industrial Area, Mathura Road,
City New Delhi
Postal code 110044
300 ## - PHYSICAL DESCRIPTION
Extent xxv, 467p.
Dimensions 22cm(Hb)
500 ## - GENERAL NOTE
General note Includes index
650 ## - SUBJECT ADDED ENTRY--TOPICAL TERM
Topical term or geographic name as entry element Inclusive education
700 ## - ADDED ENTRY--PERSONAL NAME
Personal name Alur, Mithu
700 ## - ADDED ENTRY--PERSONAL NAME
Personal name Timmons, Vianne
942 ## - ADDED ENTRY ELEMENTS (KOHA)
Source of classification or shelving scheme Dewey Decimal Classification
Item type English Books
Classification part 371.9046
Call number suffix INC
Holdings
Withdrawn status Lost status Source of classification or shelving scheme Damaged status Not for loan Collection code Home library Current library Date acquired Source of acquisition Cost, normal purchase price Total Checkouts Full call number Barcode Date last seen Copy number Cost, replacement price Koha item type Total Renewals
    Dewey Decimal Classification     Non-fiction Bawana Bawana 08/04/2010 Aakar Books/I-762/29.10.09/140/16.10.09/29.10.09 795.00 1 371.9046 INC B-361383 15/01/2019 1 795.00 English Books 1
    Dewey Decimal Classification     Non-fiction Central Library Central Library 08/04/2010 Aakar Books/I-762/29.10.09/140/16.10.09/29.10.09 795.00 2 371.9046 INC B-361378 21/08/2019 1 795.00 English Books  
    Dewey Decimal Classification   Not For Loan Non-fiction D.B.Act.Division D.B.Act.Division 16/06/2009 DBAD / PUB 795.00   371.9046 INC EN-77556 16/06/2009 1 795.00 English Books  
    Dewey Decimal Classification     Non-fiction Janak Puri Janak Puri 08/04/2010 Aakar Books/I-762/29.10.09/140/16.10.09/29.10.09 795.00 3 371.9046 INC B-361380 25/04/2011 1 795.00 English Books  
    Dewey Decimal Classification     Non-fiction Patel Nagar Patel Nagar 08/04/2010 Aakar Books/I-762/29.10.09/140/16.10.09/29.10.09 795.00   371.9046 INC B-361379 08/04/2010 1 795.00 English Books  
    Dewey Decimal Classification     Non-fiction Sarojini Nagar Sarojini Nagar 08/04/2010 Aakar Books/I-762/29.10.09/140/16.10.09/29.10.09 795.00   371.9046 INC B-361381 08/04/2010 1 795.00 English Books  
    Dewey Decimal Classification     Non-fiction Shahdara Branch Shahdara Branch 08/04/2010 Aakar Books/I-762/29.10.09/140/16.10.09/29.10.09 795.00 2 371.9046 INC B-361384 23/12/2024 1 795.00 English Books 3
    Dewey Decimal Classification     Non-fiction Vinoba Puri Vinoba Puri 08/04/2010 Aakar Books/I-762/29.10.09/140/16.10.09/29.10.09 795.00 2 371.9046 INC B-361382 28/12/2019 1 795.00 English Books 1

© Delhi Public Library
Hit Counter
free hit counter